000 00471 a2200169 4500
003 OSt
005 20240111155410.0
008 240111b |||||||| |||| 00| 0 eng d
020 _a9788190863483
040 _coclc
082 _a297
_bAKB/S
100 _aAkbar, M M
_92026
245 _aSwavargarathi avakashamo vaikruthamo /
_cM M Akbar
260 _aKerala:
_bDa'wa books,
_c2009.
300 _a134p
942 _2ddc
_cBK
_h297
_iAKB/S
_k297
_mAKB/S
999 _c43156
_d43156